| 000 -LEADER |
| fixed length control field |
00777cam a2200265u 4500 |
| 001 - CONTROL NUMBER |
| control field |
14037 |
| 003 - CONTROL NUMBER IDENTIFIER |
| control field |
BD-DhUAP |
| 005 - DATE AND TIME OF LATEST TRANSACTION |
| control field |
20210123100657.0 |
| 008 - FIXED-LENGTH DATA ELEMENTS--GENERAL INFORMATION |
| fixed length control field |
200210r20091997ii 001 0 eng |
| 020 ## - INTERNATIONAL STANDARD BOOK NUMBER |
| International Standard Book Number |
8171110349 |
| 040 ## - CATALOGING SOURCE |
| Original cataloging agency |
DLC |
| Transcribing agency |
CarP |
| Modifying agency |
BD-DhUAP |
| Language of cataloging |
Eng |
| 082 ## - DEWEY DECIMAL CLASSIFICATION NUMBER |
| Edition number |
23 |
| Classification number |
346.540438 BIN |
| 100 1# - MAIN ENTRY--PERSONAL NAME |
| Personal name |
Bindra, N. S. |
| 245 00 - TITLE STATEMENT |
| Title |
Conveyancing draftsman and interpretation of deeds / |
| Statement of responsibility, etc. |
N. S. Bindra ; Revised by S. K. Verma and K. B. Asthana. |
| 250 ## - EDITION STATEMENT |
| Edition statement |
7th ed. |
| 260 ## - PUBLICATION, DISTRIBUTION, ETC. |
| Place of publication, distribution, etc. |
New Delhi : |
| Name of publisher, distributor, etc. |
Delhi Law Publishers, |
| Date of publication, distribution, etc. |
c1997 [Reprinted 2009]. |
| 300 ## - PHYSICAL DESCRIPTION |
| Extent |
volumes ; |
| Dimensions |
25 cm. |
| 500 ## - GENERAL NOTE |
| General note |
Include index. |
| 505 ## - FORMATTED CONTENTS NOTE |
| Formatted contents note |
V. 2-- |
| 650 #0 - SUBJECT ADDED ENTRY--TOPICAL TERM |
| Topical term or geographic name entry element |
Conveyancing |
| Geographic subdivision |
India. |
| 650 #0 - SUBJECT ADDED ENTRY--TOPICAL TERM |
| Topical term or geographic name entry element |
Deeds |
| Geographic subdivision |
India. |
| 700 ## - ADDED ENTRY--PERSONAL NAME |
| Personal name |
Verma, S. K. |
| 700 ## - ADDED ENTRY--PERSONAL NAME |
| Personal name |
Asthana, K. B. |
| 942 ## - ADDED ENTRY ELEMENTS (KOHA) |
| Source of classification or shelving scheme |
|
| Koha item type |
Book |